Espoon kaupunginosat ruotsista suomeksi - Statistics

Yleistilastot
  • Tätä visaa on pelattu 221 kertaa
  • Keskiarvotulos 41 / 63
Vastaustilastot
Suuralue Suuralueen nimi kaupunginosa stadsdel % Oikein
6 Pohjois-Espoo Kalajärvi Kalajärvi
95%
1 Suur-Tapiola Westend Westend
95%
7 Vanha-Espoo Espoon keskus Esbo centrum
94%
2 Suur-Matinkylä Matinkylä Mattby
94%
6 Pohjois-Espoo {Pohjois}-Espoo Norra Esbo
94%
2 Suur-Matinkylä Suur-{Matinkylä} Stor-Mattby
94%
2 Suur-Matinkylä Olari Olars
93%
5 Suur-Leppävaara Kilo Kilo
92%
6 Pohjois-Espoo Bodom Bodom
91%
1 Suur-Tapiola Otaniemi Otnäs
90%
7 Vanha-Espoo Siikajärvi Siikajärvi
90%
1 Suur-Tapiola Mankkaa Mankans
89%
7 Vanha-Espoo {Vanha}-Espoo Gamla Esbo
89%
3 Suur-Espoonlahti Espoonlahti Esboviken
88%
3 Suur-Espoonlahti Suur-{Espoonlahti} Stor-Esboviken
88%
1 Suur-Tapiola Suur-{Tapiola} Stor-Hagalund
88%
1 Suur-Tapiola Tapiola Hagalund
88%
5 Suur-Leppävaara Leppävaara Alberga
87%
5 Suur-Leppävaara Suur-{Leppävaara} Stor-Alberga
87%
6 Pohjois-Espoo Lahnus Lahnus
85%
6 Pohjois-Espoo Lakisto Lakisto
84%
1 Suur-Tapiola Pohjois-Tapiola Norra Hagalund
83%
3 Suur-Espoonlahti Nöykkiö Nöykis
82%
3 Suur-Espoonlahti Kaitaa Kaitans
81%
7 Vanha-Espoo Nuuksio Noux
75%
4 Suur-Kauklahti Kauklahti Köklax
70%
6 Pohjois-Espoo Luukki Luk
70%
3 Suur-Espoonlahti Saunalahti Bastvik
70%
3 Suur-Espoonlahti Soukka Sökö
70%
4 Suur-Kauklahti Suur-{Kauklahti} Stor-Köklax
70%
5 Suur-Leppävaara Viherlaakso Gröndal
70%
2 Suur-Matinkylä Henttaa Hemtans
68%
6 Pohjois-Espoo Niipperi Nipert
68%
7 Vanha-Espoo Vanha-Nuuksio Gamla Noux
66%
1 Suur-Tapiola Niittykumpu Ängskulla
64%
3 Suur-Espoonlahti Suvisaaristo Sommaröarna
64%
1 Suur-Tapiola Haukilahti Gäddvik
62%
5 Suur-Leppävaara Karakallio Karabacka
62%
7 Vanha-Espoo Gumböle Gumböle
61%
1 Suur-Tapiola Laajalahti Bredvik
61%
7 Vanha-Espoo Nupuri Nupurböle
60%
5 Suur-Leppävaara Lintuvaara Fågelberga
59%
4 Suur-Kauklahti Kurttila Kurtby
58%
4 Suur-Kauklahti Espoonkartano Esbogård
53%
3 Suur-Espoonlahti Latokaski Ladusved
53%
5 Suur-Leppävaara Laaksolahti Dalsvik
52%
7 Vanha-Espoo Järvenperä Träskända
51%
7 Vanha-Espoo Karvasmäki Karvasbacka
50%
6 Pohjois-Espoo Vanhakartano Gammelgård
47%
4 Suur-Kauklahti Vanttila Fantsby
45%
7 Vanha-Espoo Kunnarla Gunnars
42%
7 Vanha-Espoo Högnäs Högnäs
41%
7 Vanha-Espoo Karhusuo Björnkärr
39%
7 Vanha-Espoo Kaupunginkallio Stadsberget
34%
7 Vanha-Espoo Ämmässuo Käringmossen
32%
5 Suur-Leppävaara Sepänkylä Smedsby
31%
6 Pohjois-Espoo Perusmäki Grundbacka
30%
7 Vanha-Espoo Kolmperä Kolmpers
28%
6 Pohjois-Espoo Röylä Rödskog
27%
7 Vanha-Espoo Kuurinniitty Kurängen
25%
5 Suur-Leppävaara Lippajärvi Klappträsk
25%
7 Vanha-Espoo Muurala Morby
22%
6 Pohjois-Espoo Velskola Vällskog
18%
Ehtoja vastaavia visoja ei löytynyt
Tulosjakauma
Jokaisen tuloksen saaneiden osuus
Persentiili vastausten määrän mukaan
Tuloshistoriasi
Et ole pelannut tätä visaa